000 00690nam a2200217 i 4500
001 115418
003 ES-MaACL
005 20250825062555.0
007 t|
008 070308s1931 sp ||||1| spa d
080 _a821.134.2-23"19"
100 1 _aOliver, Federico,
_d1873-1957
_986807
245 1 4 _aLos semidioses
_b: tragicomedia en tres actos /
_cFederico Oliver.
260 _aMadrid :
_bPrensa Moderna,
_c1931.
300 _a68 p. ;
_c17 cm.
490 1 _aEl Teatro moderno ;
_v299
500 _aEstrenada en el Teatro EspaƱol el 13 de noviembre de 1914.
830 0 3 _aEl teatro moderno (Prensa Moderna)
_v299
_9182365
852 _aES-MaACL
_jC-13140
999 _c115418
_d115418